000 00742cam a2200181 4500
001 ##L132533
008 060216n 000 0 eng u
035 _a(Sirsi) u132533
041 0 _aeng
050 0 4 _a333.0062 $2 18
110 2 _aIncorporated Society of Auctioneers and Landed Property Agents
_94878
245 0 0 _aFellowship (or final) examination
_bspring 1928-1939
260 _a[S.l.]
_b[s.n.]
_c1940-46
300 _a1
_fv
_c21cm.
520 _aExam questions covering various topics such law of mortgages and receiverships; theory of surveying and levelling; estate development for building and town planning; and tenant right, for the years 1940-46.
690 _aCAREERS, EDUCATION AND TRAINING-QUALIFICATION ROUTES
942 _n0
999 _c105171
_d105171